00213nam a2200085Ia 450000100070000000500170000700800410002424500330006526000290009881968420250826171817.0250824s9999 xx 000 0 und d 0aKARDAN KEDİcLINDA NEWBERY bKIRMIZI KEDİ YAYINLARI